|
|
|
|
| LEADER |
00000ny a22000003n 4500 |
| 005 |
20110524143445.0 |
| 008 |
040310s2004 sp o000 0 spa c |
| 017 |
|
|
|a D.L. SE.34-2004
|
| 020 |
|
|
|a 8497722248
|
| 035 |
|
|
|a 589
|
| 040 |
|
|
|a SpMaUCDE
|d vLex
|
| 040 |
|
|
|a UMA.RE
|d vLex
|
| 080 |
|
|
|a 342.716/.717(460)(0.034)
|
| 090 |
|
|
|c 234
|d 234
|
| 100 |
1 |
|
|a Olivǹ Lp̤ez, Fernando
|
| 245 |
1 |
0 |
|a Constitucin̤ y extranjera̕
|h [Recurso electrn̤ico]
|b La dialčtica de la integracin̤ /
|c Fernando Olivǹ Lp̤ez
|
| 256 |
|
|
|a Servicio en ln̕ea
|
| 260 |
|
|
|a Madrid :
|b Dykinson,
|c 2004
|
| 300 |
|
|
|a 239 p. ;
|c 21 cm
|
| 500 |
|
|
|a En cub.: actualizada a la L.O.14/2003
|
| 506 |
1 |
|
|a Contenido solo disponible en los productos indicados
|d vLex Global
|d vLex Global (Academic Edition, excluding Law Schools)
|d vLex Global (U.S. Academic Edition, Law Schools)
|d vLex Global (U.S. Academic Edition, excluding Law Schools)
|d vLex Global (Academic Edition, Law Schools)
|
| 650 |
0 |
7 |
|a Derecho internacional
|2 Tesauro vLex
|
| 650 |
0 |
7 |
|a Civil
|2 Tesauro vLex
|
| 650 |
0 |
7 |
|a Derechos de los extranjeros
|2 Tesauro vLex
|
| 650 |
0 |
7 |
|a Extranjeros
|2 Tesauro vLex
|
| 740 |
0 |
|
|a vLex Libros (Servicios en ln̕ea)
|
| 856 |
4 |
0 |
|u http://vlex.com/source/589
|z Acceso restringido
|
| 942 |
|
|
|c BOOK
|
| 999 |
0 |
|
|a International Law
|b Madrid
|